Yếu tố tiên tri trong tiểu thuyết Trăm năm cô đơn của Gabriel Garcia Marquez

Tiểu thuyết trăm năm cô đơn và nghệ thuật biểu hiện của Marquez; Yếu tố tiên tri trong tiểu thuyết trăm năm cô đơn

Đã lưu trong:
Sonraí Bibleagrafaíochta
Príomhúdar: Trần Đăng Vinh
Údair Eile: Đặng Thị Lan (hướng dẫn)
Formáid: Leabhar
Teanga:Vietnamese
Foilsithe: Đà Nẵng Trường Đại học Sư phạm 2011
Ábhair:
Clibeanna: Cuir Clib Leis
Gan Chlibeanna, Bí ar an gcéad duine leis an taifead seo a chlibeáil!
Thư viện lưu trữ: Mạng thư viện Đại học Đà Nẵng
LEADER 01664nam a2200373 4500
001 000016801
003 13210
005 20121227101251.0
008 121227s2011 viesd
041 |a vie 
082 1 4 |a 868.99361  |b TR-V 
100 1 |a Trần Đăng Vinh 
245 1 0 |a Yếu tố tiên tri trong tiểu thuyết Trăm năm cô đơn của Gabriel Garcia Marquez  |c Trần Đăng Vinh ; Đặng Thị Lan hướng dẫn  |k Báo cáo khoa học 
260 |a Đà Nẵng  |b Trường Đại học Sư phạm  |c 2011 
300 |a 27 tr.  |c 29 cm. 
500 |a Công trình tham gia Hội nghị sinh viên nghiên cứu khoa học Trường Đại học Sư phạm năm 2011. Khoa Ngữ văn 
520 |a Tiểu thuyết trăm năm cô đơn và nghệ thuật biểu hiện của Marquez; Yếu tố tiên tri trong tiểu thuyết trăm năm cô đơn 
600 1 4 |a Marquez, Gabriel Garcia  |d 1927-  |t Trăm năm cô đơn  |t Ruồi Trâu 
650 0 4 |a Tiểu thuyết Columbia  |x Nghiên cứu 
653 |a Ngữ văn 
653 |a Nghiên cứu khoa học 
653 |a Văn học Mỹ La-tinh 
700 1 |a Đặng Thị Lan  |e hướng dẫn 
OWN |a LSP 
AVA |a UDN50  |b LSP  |d 868.99361 TR-V  |e available  |t Error 5001 Not defined in file expand_doc_bib_avail.  |f 1  |g 0  |h N  |i 0  |k 1 
999 |a From the UDN01 
AVA |a UDN50  |b LSP  |d 868.99361 TR-V  |e available  |t Error 5001 Not defined in file expand_doc_bib_avail.  |f 1  |g 0  |h N  |i 0  |k 1 
TYP |a Mixed Materials 
TYP |a Monograph 
TYP |a Printed language 
980 |a Mạng thư viện Đại học Đà Nẵng